Official Languages of Countries #18 - Statistics

General Stats
  • This quiz has been taken 25 times
  • The average score is 11 of 12
Answer Stats
Country Language % Correct
Qatar Arabic
100%
Libya Arabic
100%
United Kingdom English
100%
Burundi English
100%
Nauru English
100%
Burundi French
100%
Côte d'Ivoire French
100%
Russia Russian
100%
Guatemala Spanish
100%
Brunei Malay
68%
Nauru Nauruan
52%
Burundi Kirundi
48%
No matching quizzes found
Score Distribution
Percent of People with Each Score
Percentile by Number Answered
Your Score History
You have not taken this quiz